[Event "Montreal Noel op"]
[Site "Montreal"]
[Date "2019.12.30"]
[Round "5"]
[White "He, Jiaqi"]
[Black "Yan, Alex Jikai"]
[Result "0-1"]
[WhiteElo "1374"]
[BlackElo "1647"]
[PlyCount "92"]
[EventDate "2019.12.26"]
[EventType "swiss"]
[EventRounds "5"]
[EventCountry "CAN"]
[SourceTitle "CBM 194 Extra"]
[Source "ChessBase"]
[SourceDate "2020.03.31"]
[SourceVersion "1"]
[SourceVersionDate "2020.03.31"]
[SourceQuality "1"]

1. e4 c5 2. Nf3 Nc6 3. d4 cxd4 4. Nxd4 Nf6 5. Nc3 e5 6. Ndb5 d6 7. Bg5 a6 8. Na3 b5 9. Nd5 Be7 10. Nxe7 Qxe7 11. c3 0-0 12. Bd3 h6 13. Bh4 Be6 14. 0-0 Rfd8 15. Nc2 g5 16. Bg3 d5 17. exd5 Bxd5 18. Ne3 Be4 19. Qb3 Bxd3 20. Rfd1 Bg6 21. Nd5 Nxd5 22. Rxd5 Rxd5 23. Qxd5 Qe6 24. Qxe6 fxe6 25. Rd1 Rd8 26. Rxd8+ Nxd8 27. Bxe5 Nc6 28. Bc7 Kf7 29. f3 e5 30. Kf2 Ke6 31. Ke3 Ne7 32. Bb8 Nd5+ 33. Kd2 Nb6 34. b3 Bb1 35. a3 Bg6 36. Bc7 Nd7 37. c4 Nc5 38. cxb5 axb5 39. Kc3 Bf7 40. Bb6 Kd6 41. Bxc5+ Kxc5 42. h3 Bd5 43. b4+ Kd6 44. Kd3 Ba2 45. g3 Kd5 46. h4 Bb1+ 0-1

[Event "Kingston Easter U1600"]
[Site "Kingston"]
[Date "2019.04.21"]
[Round "6.45"]
[White "Douglas, Steven1111"]
[Black "He, Jiaqi"]
[Result "0-1"]
[WhiteElo "1492"]
[BlackElo "1451"]
[PlyCount "140"]
[EventDate "2019.04.18"]
[EventType "swiss"]
[EventRounds "9"]
[EventCountry "CAN"]
[SourceTitle "EXT 2022"]
[Source "ChessBase"]
[SourceDate "2021.10.06"]
[SourceVersion "1"]
[SourceVersionDate "2021.10.06"]
[SourceQuality "1"]

1. e4 e5 2. Bc4 Nc6 3. Nf3 d6 4. 0-0 Bg4 5. Be2 Nf6 6. Nc3 g6 7. Bb5 Bg7 8. Bxc6+ bxc6 9. h3 Be6 10. d3 0-0 11. Qe1 Re8 12. b3 h6 13. Rb1 Nh5 14. Ne2 d5 15. Bd2 Qd7 16. Kh2 Qd6 17. Qc1 Kh7 18. Rh1 Nf6 19. Kg1 dxe4 20. dxe4 Nxe4 21. Be3 Bf5 22. Nh2 Qb4 23. Ng4 Nc3 24. Nxc3 Qxc3 25. Bxh6 Qxc2 26. Bxg7 Qxb1 27. Bh6 Qxc1+ 28. Bxc1 Re6 29. Bg5 Rb8 30. Kh2 Bxg4 31. hxg4 Kg7 32. Kg3 Rh8 33. Rd1 Rd6 34. Re1 f6 35. Be3 a6 36. Rc1 Kf7 37. Rc4 Ke6 38. Ra4 Ra8 39. Rc4 f5 40. gxf5+ gxf5 41. Kf3 Kd7 42. Ke2 Rd5 43. b4 Rb8 44. a3 a5 45. Bc5 axb4 46. Bxb4 Ra8 47. g3 Ra4 48. Rc3 Rd4 49. f3 Raxb4 50. axb4 Rxb4 51. Ke3 Kd6 52. Ra3 c5 53. Ra6+ c6 54. Ra8 f4+ 55. gxf4 exf4+ 56. Ke2 c4 57. Rd8+ Ke5 58. Re8+ Kd4 59. Re4+ Kc3 60. Rxf4 Rb2+ 61. Ke3 Kb3 62. Rf8 Kc2 63. Rc8 Rb6 64. Kd4 c3 65. Kc5 Rb7 66. Rf8 Kb2 67. Kxc6 Rb3 68. f4 c2 69. Kd6 c1Q 70. Ke5 Qc5+ 0-1

[Event "Quebec-ch U12"]
[Site "Montreal"]
[Date "2018.01.14"]
[Round "5"]
[White "He, Jiaqi"]
[Black "Liu, Daniel Orejuela"]
[Result "1/2-1/2"]
[WhiteElo "1320"]
[BlackElo "1134"]
[PlyCount "84"]
[EventDate "2018.01.12"]
[EventType "swiss"]
[EventRounds "5"]
[EventCountry "CAN"]
[SourceTitle "EXT 2022"]
[Source "ChessBase"]
[SourceDate "2021.10.06"]
[SourceVersion "1"]
[SourceVersionDate "2021.10.06"]
[SourceQuality "1"]

1. e4 e5 2. Nf3 Nc6 3. Nc3 Bc5 4. Nxe5 Bxf2+ 5. Kxf2 Nxe5 6. d4 Ng6 7. Be2 d6 8. Rf1 N8e7 9. Kg1 0-0 10. Bc4 Be6 11. Bb3 d5 12. e5 c6 13. Bg5 h6 14. Be3 Nf5 15. Qd2 Nxe3 16. Qxe3 Qe7 17. Ne2 f6 18. exf6 Rxf6 19. Ng3 Raf8 20. Rxf6 Rxf6 21. Re1 Nf8 22. c3 Qd7 23. Qd3 Rg6 24. Rf1 Rg5 25. c4 Qd6 26. cxd5 Bxd5 27. Ne4 Qg6 28. Qf3 Ne6 29. Bc2 Bxe4 30. Bxe4 Qe8 31. Qb3 Qd7 32. Qc4 Qxd4+ 33. Qxd4 Nxd4 34. Bd3 Re5 35. Bc4+ Ne6 36. Rd1 Kf8 37. Rd7 b5 38. Bxe6 Rxe6 39. Rxa7 Re2 40. b3 Rc2 41. a3 Rb2 42. b4 Ra2 1/2-1/2

[Event "Quebec-ch U12"]
[Site "Montreal"]
[Date "2018.01.13"]
[Round "3"]
[White "He, Jiaqi"]
[Black "Fernandez Busto, Edouard"]
[Result "1/2-1/2"]
[WhiteElo "1320"]
[BlackElo "1121"]
[PlyCount "132"]
[EventDate "2018.01.12"]
[EventType "swiss"]
[EventRounds "5"]
[EventCountry "CAN"]
[SourceTitle "EXT 2022"]
[Source "ChessBase"]
[SourceDate "2021.10.06"]
[SourceVersion "1"]
[SourceVersionDate "2021.10.06"]
[SourceQuality "1"]

1. e4 e5 2. Nf3 Nc6 3. Nc3 Nf6 4. Bb5 d6 5. h3 Bd7 6. Bc4 h6 7. 0-0 Be7 8. Re1 0-0 9. d3 Be6 10. Nd5 Re8 11. c3 Bxd5 12. exd5 Na5 13. Bb5 c6 14. dxc6 Nxc6 15. d4 exd4 16. Nxd4 Qc7 17. Qf3 Rac8 18. Bf4 a6 19. Ba4 Nxd4 20. cxd4 b5 21. Bb3 Qb6 22. Rad1 a5 23. Qg3 Nh5 24. Qg6 Nxf4 25. Qxf7+ Kh8 26. Qxf4 Bg5 27. Rxe8+ Rxe8 28. Qf7 Qd8 29. Qf5 Re2 30. Bc2 Kg8 31. Qd3 Qe7 32. Bb3+ Kf8 33. Qf3+ Bf6 34. Qa8+ Qe8 35. Qxa5 Rxb2 36. Qa3 Re2 37. Qxd6+ Be7 38. Qd5 Bf6 39. Qg8+ Ke7 40. Qxe8+ Kxe8 41. Kf1 Rb2 42. d5 Kd7 43. g3 Kd6 44. Kg2 Re2 45. Kf3 Re5 46. g4 g6 47. Rc1 b4 48. Rc6+ Ke7 49. Re6+ Rxe6 50. dxe6 Kd6 51. Ke4 g5 52. Kf5 Be7 53. f4 Kc5 54. fxg5 hxg5 55. Kg6 Kd6 56. Kf7 Bd8 57. Kg6 Be7 58. Kf5 Kc5 59. Ke5 Bd8 60. Ke4 Be7 61. Kd3 Bd8 62. Bd1 Kd5 63. Bb3+ Kc5 64. Ba4 Kd5 65. Bd7 Be7 66. Bc8 Bd8 1/2-1/2

[Event "Quebec-ch U12"]
[Site "Montreal"]
[Date "2018.01.13"]
[Round "2"]
[White "Wang, Rachel Zihan"]
[Black "He, Jiaqi"]
[Result "0-1"]
[WhiteElo "1338"]
[BlackElo "1320"]
[PlyCount "144"]
[EventDate "2018.01.12"]
[EventType "swiss"]
[EventRounds "5"]
[EventCountry "CAN"]
[SourceTitle "EXT 2022"]
[Source "ChessBase"]
[SourceDate "2021.10.06"]
[SourceVersion "1"]
[SourceVersionDate "2021.10.06"]
[SourceQuality "1"]

1. e4 c5 2. Nf3 Nc6 3. d4 cxd4 4. Nxd4 Nf6 5. Nc3 e5 6. Ndb5 d6 7. Nd5 Nxd5 8. Qxd5 Be6 9. Qd1 a6 10. Nc3 g6 11. Be3 Bg7 12. Nd5 0-0 13. Nb6 Rb8 14. Bc4 Nd4 15. Nd5 Rc8 16. Bd3 Bxd5 17. exd5 Re8 18. f3 f5 19. 0-0 e4 20. Bxe4 Nxf3+ 21. gxf3 fxe4 22. fxe4 Rxe4 23. Qf3 Qe7 24. Bf2 Rxc2 25. Rab1 Ree2 26. Bg3 Rxb2 27. Rbc1 Rbc2 28. Rxc2 Rxc2 29. Bxd6 Qe8 30. Qb3 Bd4+ 31. Kh1 Qe4+ 32. Qf3 Qxf3+ 33. Rxf3 Bg7 34. a3 Rd2 35. Re3 Rxd5 36. Bb4 Re5 37. Rc3 Re1+ 38. Kg2 Bxc3 39. Bxc3 Re3 40. Bb4 Kf7 41. Kf2 Rb3 42. Ke2 b6 43. Kd2 Rb2+ 44. Kc3 Rxh2 45. Kd4 Rc2 46. Bc3 g5 47. Kd3 Rf2 48. Ke3 Rf5 49. Be1 h5 50. Bg3 g4 51. Bh4 Rf3+ 52. Ke2 Rxa3 53. Kd2 b5 54. Kc2 b4 55. Kb2 g3 56. Bd8 g2 57. Bb6 h4 58. Bg1 h3 59. Kb1 Rf3 60. Kc2 Rf1 61. Bh2 g1Q 62. Bxg1 Rxg1 63. Kb3 h2 64. Kxb4 h1Q 65. Kc4 Rd1 66. Kc5 Qd5+ 67. Kb4 a5+ 68. Kc3 Qc5+ 69. Kb2 Rd4 70. Kb3 Rb4+ 71. Ka2 Qc2+ 72. Ka3 Qb3# 0-1